История на съвременна централна Азия (Запис номер 148733)
[ съкратено ]
| 000 -Лидер | |
|---|---|
| Контролно поле с фиксирана дължина | 01903nam a2200457 c 4500 |
| 003 - Код на организацията, давaща контролен номер | |
| Контролно поле | BLK |
| 005 - Дата и час на последна редакция | |
| Контролно поле | 20210216104456.0 |
| 008 - Елементи от данни с фиксирана дължина | |
| fixed length control field | 180410b bul|||||r ||||||| ||bul|| |
| 010 ## - Наследен системен номер | |
| LC control number | KNG00154958000 |
| 020 ## - Международен стандартен номер на книга ISBN | |
| Международен стандартен номер на книга ISBN | 978-954-320-359-8 |
| -- | издат.: Рива |
| 040 ## - Източник на каталожния запис | |
| Идентификатор на билиотеката - собственик на записа | BLK |
| 041 ## - Код за език | |
| Код за езика на текст/звукозапис или на отделно заглавие | Български |
| Код за езика КДБФ | Български |
| 072 #7 - Код за тематичната категория | |
| Код организация | bullib |
| Код за тематична категория | Н92 |
| Текст | История Н |
| 080 ## - УДК | |
| Текстов определител УДК | История на Централна Азия. Афганистан |
| УДК код - определител по УДК | 958 |
| УДК определител | |
| УДК - код + определител | 958 |
| 100 1# - Редна дума - Автор | |
| Автор | Шювен, Пиер |
| Авторска отговорност | първи автор |
| R(LIN) | 144437 |
| 139 ## - Редно поле | |
| Редна дума | Шювен, Пиер и др. |
| Авторски знак | Шю - Ш 99 |
| 245 10 - Сведения за заглавието | |
| Заглавие | История на съвременна централна Азия |
| Редно поле (дума) | Пиер Шювен; съавт. Рьоне Летол; съавт. Себастиен Пейруз; прев. от фр. Георги Цанков. |
| 257 ## - Страна на издаване | |
| Страна на създаване/издаване | Франция |
| 260 ## - Област на издателските данни | |
| -- | София |
| Име на издателя, разпространителя и проч. | Рива |
| Година на издаване | 2011 |
| Печатница | В. Търново : Абагар |
| 300 ## - Физическа характеристика | |
| Страници | 272 с. |
| Илюстрации и др. | с табл. |
| Размери/Мащаб | 24 см |
| 380 ## - Жанр | |
| Жанр | История |
| 500 ## - Общи забележки | |
| Забележка | Ориг. загл. Histoire de l'Asie Centrale contemporaine / Pierre Chuvin, Rene Letolle, Sebastien Peyrouse. - Хронология. - Библиогр. с. 256-269. |
| 650 #4 - Допълнително описание по предмет – тема | |
| Основно описание – тема или топоним | Азия - история |
| 9 (RLIN) | 253597 |
| 651 #4 - Допълнително описание по предмет - топоним | |
| Географско понятие | Централна Азия |
| 9 (RLIN) | 311240 |
| 651 #4 - Допълнително описание по предмет - топоним | |
| Географско понятие | Казахстан |
| 9 (RLIN) | 178982 |
| 651 #4 - Допълнително описание по предмет - топоним | |
| Географско понятие | Узбекистан |
| 9 (RLIN) | 179703 |
| 651 #4 - Допълнително описание по предмет - топоним | |
| Географско понятие | Таджикистан |
| 9 (RLIN) | 179636 |
| 651 #4 - Допълнително описание по предмет - топоним | |
| Географско понятие | Туркменистан |
| 9 (RLIN) | 179689 |
| 651 #4 - Допълнително описание по предмет - топоним | |
| Географско понятие | Киргизстан |
| 9 (RLIN) | 179031 |
| 653 ## - Ключова дума – ненормативна | |
| Ключова дума | история |
| 653 ## - Ключова дума – ненормативна | |
| Ключова дума | азиатски страни |
| 659 ## - Тематичен бюлетин | |
| Тематичен бюлетин | Н |
| 700 1# - Други автори (авторска отговорност) | |
| Лично име | Летол, Рьоне |
| Автороска отговорност (Описва отношението между автора и произведението) | съавт. |
| 9 (RLIN) | 88558 |
| 700 1# - Други автори (авторска отговорност) | |
| Лично име | Пейруз, Себастиен |
| Автороска отговорност (Описва отношението между автора и произведението) | съавт. |
| 9 (RLIN) | 107738 |
| 700 1# - Други автори (авторска отговорност) | |
| Лично име | Цанков, Георги |
| Автороска отговорност (Описва отношението между автора и произведението) | прев. от фр. |
| Друга информация | Цанев, Георги Цанков |
| 9 (RLIN) | 363810 |
| 852 ## - Местоположение | |
| Форматна сигнатура | Цб 267750 |
| 856 4# - Електронен адрес и достъп | |
| Електронен формат | pdf - файл |
| Път до файла /url/ | |
| 856 4# - Електронен адрес и достъп | |
| Електронен формат | pdf - файл |
| Път до файла /url/ | |
| 942 ## - АРТИКУЛИ | |
| Вид на библиотечния материал | Книги |
| Скрит в OPAC | Не |
| Koha issues (borrowed), all copies | 2 |
| 944 ## - СЪЗДАВАНЕ И РЕДАКЦИЯ на ЗАПИСА | |
| Създаване/Редакция | Създаване |
| Дата на регистрацията/редакция | 27.12.2013 |
| Статус, дата на статуса | ф / |
| Служител, извършил регистрацията/редакцията | Людмила_Стоянова |
| 944 ## - СЪЗДАВАНЕ И РЕДАКЦИЯ на ЗАПИСА | |
| Създаване/Редакция | Редакция |
| Дата на регистрацията/редакция | 01.04.2014 |
| Статус, дата на статуса | ф / |
| Служител, извършил регистрацията/редакцията | |
| 999 ## - СИСТЕМНИ КОНТРОЛНИ НОМЕРА | |
| Koha biblionumber | 148733 |
| Koha biblioitemnumber | 148733 |
| Код за отписване | Код за изгубен артикул | Източник на класификационната схема | Код за повреда | Коз за рестрикции | Код за отдаване | Артикулен № | Име на библиотеката - собственик | Име на библиотеката, в която се намира в момента | Статус (Текущо местоположение) | Дата на вписване в системата | Местоположение - отдел | Цена в лева | Инвентарен номер | Систематично азбучна сигнатура | Баркод | Номер на екземпляра | Цена в евро | Служебна бележка | Служебен тип на артикула |
|---|---|---|---|---|---|---|---|---|---|---|---|---|---|---|---|---|---|---|---|
| Не е изгубен | Universal Decimal Classification | Не е повреден | без рестрикции | ползва се в читалня | 247775 | Регионална библиотека "Любен Каравелов" Русе | Регионална библиотека "Любен Каравелов" Русе | Читалня | 2013-12-27 | Читалня | 22.00 | 120000773062 | Ч 93/94/Ш 99 П | 120000773062 | 1 | 11.25 | Дост: Pk Вид: Ф N: 383 Дата: 14.12.2013 Дата инв: 28.03.2017 Бележки инв: Ч2017 | Книги | |
| Не е изгубен | Universal Decimal Classification | Не е повреден | без рестрикции | заемане за дома | 247776 | Регионална библиотека "Любен Каравелов" Русе | Регионална библиотека "Любен Каравелов" Русе | Заемна - подръчен фонд | 2014-02-14 | Заемна - подръчен фонд | 22.00 | 120000774656 | 94(5)/Ш 99 П | 120000774656 | 2 | 11.25 | Дост: Pk Вид: Ф N: 386 Дата: 12.02.2014 Дата инв: 08.02.2018 Бележки инв: П2018 | Книги |